Local budgeting / (Record no. 3775)
[ view plain ]
| 000 -LEADER | |
|---|---|
| fixed length control field | 01305cam a2200229 a 4500 |
| 020 ## - INTERNATIONAL STANDARD BOOK NUMBER | |
| ISBN | 9780821369456 |
| 020 ## - INTERNATIONAL STANDARD BOOK NUMBER | |
| ISBN | 0821369458 |
| 020 ## - INTERNATIONAL STANDARD BOOK NUMBER | |
| ISBN | 0821369466 (electronic) |
| 020 ## - INTERNATIONAL STANDARD BOOK NUMBER | |
| ISBN | 9780821369463 (electronic) |
| 050 00 - CALL NUMBER | |
| Classification number | HJ9111 |
| Item number | .L63 |
| 100 ## - AUTHOR | |
| Personal name | Anwar Shah |
| 245 00 - TITLE | |
| Title | Local budgeting / |
| Statement of responsibility, etc | edited by Anwar Shah. |
| 260 ## - PUBLICATION INFORMATION | |
| Place of publication | Washington, D.C. : |
| Name of publisher | World Bank, |
| Year of publication | c2007. |
| 300 ## - DESCRIPTION | |
| Number of Pages | xxii, 381 p. : |
| Other physical details | ill. ; |
| Dimensions | 23 cm. |
| 440 #0 - SERIES | |
| SERIES | Public sector governance and accountability series |
| 500 ## - NOTES | |
| General note | Includes index |
| 505 ## - FORMATTED CONTENTS NOTE | |
| Table of Content | Part 1. Fiscal Administration <br/>Chapter 1. Fiscal Administration in local government : An overview <br/>Chapter 2. Forecasting local revenues and expenditures <br/>Chapter 3. Local fiscal discipline: Fiscal prudence, Transparency, and accountability <br/>Chapter 4. Combating corruption in state and local revenue administration <br/>Part II. Local budgeting <br/>Chapter 5. Budget formats: choices and implementations <br/>Chapter 6. Citizen-Centric performance budgeting at the local level <br/>Chapter 7. How to read a local budget and assess government performance <br/>Chapter 8. Local budget process <br/>Chapter 9. Local budget execution <br/>Chapter 10. Local capital budgeting <br/>Index <br/> |
| 650 #0 - SUBJECTS | |
| Topical Term | Local budgets. |
| 650 #0 - SUBJECTS | |
| Topical Term | Local finance. |
| 700 1# - OTHER AUTHORS | |
| Personal name | Shah, Anwar. |
| 942 ## - ADDED ENTRY ELEMENTS (KOHA) | |
| Koha item type | Books |
| Withdrawn status | Lost status | Collection code | Home library | Current library | Shelving location | Date acquired | Cost, normal purchase price | Full call number | Accession Number | Koha item type |
|---|---|---|---|---|---|---|---|---|---|---|
| Reference | Methodist University Library Main | Methodist University Library Main | General Stacks | 24/09/2011 | 0.00 | HJ9111 .L63 | 33848 | Books |